<?xml version="1.0" encoding="UTF-8"?>
<record
    xmlns:xsi="http://www.w3.org/2001/XMLSchema-instance"
    xsi:schemaLocation="http://www.loc.gov/MARC21/slim http://www.loc.gov/standards/marcxml/schema/MARC21slim.xsd"
    xmlns="http://www.loc.gov/MARC21/slim">

  <leader>03417nam a2200409 a 4500</leader>
  <controlfield tag="003">CHAP</controlfield>
  <controlfield tag="005">20240918125816.0</controlfield>
  <controlfield tag="007">ta</controlfield>
  <controlfield tag="008">230331s2015    mx ado||r|||| 001 0 spa d</controlfield>
  <datafield tag="020" ind1=" " ind2=" ">
    <subfield code="a">978-607-715-299-6</subfield>
  </datafield>
  <datafield tag="040" ind1=" " ind2=" ">
    <subfield code="a">mxchpua</subfield>
    <subfield code="c">CHAP</subfield>
    <subfield code="e">rda</subfield>
  </datafield>
  <datafield tag="050" ind1="1" ind2="0">
    <subfield code="a">SF274.M4 </subfield>
    <subfield code="b">.V55 2015</subfield>
  </datafield>
  <datafield tag="082" ind1="0" ind2="0">
    <subfield code="a">637.35972</subfield>
    <subfield code="b">V55 2015</subfield>
    <subfield code="2">20</subfield>
  </datafield>
  <datafield tag="100" ind1="1" ind2=" ">
    <subfield code="9">185143</subfield>
    <subfield code="a">Villegas de Gante, Abraham</subfield>
    <subfield code="e">autor</subfield>
  </datafield>
  <datafield tag="245" ind1="1" ind2="0">
    <subfield code="a">Valorizaci&#xF3;n de los quesos mexicanos genuinos :</subfield>
    <subfield code="b">conocimiento, degustaci&#xF3;n, acompa&#xF1;amiento y gastronom&#xED;a / </subfield>
    <subfield code="c">Abraham Villegas de Gante, Octavio Lozano Moreno y Fernando Cervantes Escoto</subfield>
  </datafield>
  <datafield tag="250" ind1=" " ind2=" ">
    <subfield code="a">1a edici&#xF3;n </subfield>
  </datafield>
  <datafield tag="264" ind1=" " ind2=" ">
    <subfield code="a">M&#xE9;xico : </subfield>
    <subfield code="b">Colegio de Postgraduados,</subfield>
    <subfield code="c">2015</subfield>
  </datafield>
  <datafield tag="300" ind1=" " ind2=" ">
    <subfield code="a">215 p&#xE1;ginas : </subfield>
    <subfield code="b">ilustraciones, gr&#xE1;ficas y fotos</subfield>
  </datafield>
  <datafield tag="336" ind1=" " ind2=" ">
    <subfield code="2">rdacontent</subfield>
    <subfield code="a">texto</subfield>
    <subfield code="b">txt</subfield>
  </datafield>
  <datafield tag="337" ind1=" " ind2=" ">
    <subfield code="2">rdamedia</subfield>
    <subfield code="a">sin medio</subfield>
    <subfield code="b">n</subfield>
  </datafield>
  <datafield tag="338" ind1=" " ind2=" ">
    <subfield code="2">rdacarrier</subfield>
    <subfield code="a">volumen</subfield>
    <subfield code="b">nc</subfield>
  </datafield>
  <datafield tag="490" ind1="1" ind2=" ">
    <subfield code="a">Biblioteca B&#xE1;sica de Agricultura (Colegio de Postgraduados)</subfield>
    <subfield code="v">67</subfield>
  </datafield>
  <datafield tag="504" ind1=" " ind2=" ">
    <subfield code="a">Bibliograf&#xED;a: p&#xE1;ginas 213-214</subfield>
  </datafield>
  <datafield tag="505" ind1="0" ind2=" ">
    <subfield code="a">Presentaci&#xF3;n --
Introducci&#xF3;n --
La leche y el queso --
Los quesos mexicanos genuinos --
Los sentidos, el queso y la degustaci&#xF3;n --
Fichas descriptivas para una degustaci&#xF3;n (cata) b&#xE1;sica de quesos mexicanos genuinos --
Compra, conservaci&#xF3;n y corte de los quesos --
El queso y su acompa&#xF1;amiento --
Gastronom&#xED;a --
Glosario --
Bibliograf&#xED;a</subfield>
  </datafield>
  <datafield tag="520" ind1="2" ind2=" ">
    <subfield code="a">Garantizar la supervivencia de los quesos mexicanos genuinos pasa por valorizarlos, rescatarlos y preservarlos. La valorizaci&#xF3;n debe partir de las propias comunidades que les dan origen: pero tambi&#xE9;n del mercado en donde se comercializan, sea &#xE9;ste local regional o nacional. Valorizar los quesos t&#xED;picos de nuestra tierra implica rescatar el conocimiento acumulado comunitariamente y las riquezas de las tradiciones y de nuestra cultura. Es por ello que en este libro se describen estrategias para tal fin: y gr conocer el queso desde su propia naturaleza y como resultado de la vinculaci&#xF3;n entre actores sociales en la cadena productiva: desde la leche hasta el consumo del producto. En la obra se habla tambi&#xE9;n de la calidad sensorial del queso: la cual, para ser apreciada, requiere su degustaci&#xF3;n, cata, y, en general, ser conocida a trav&#xE9;s de los sentidos. Por tanto la cata es un elemento en su valorizaci&#xF3;n. Una vez que el queso es conocido y degustado una derivaci&#xF3;n l&#xF3;gica es indagar acerca de las posibles combinaciones que puede tener con bebidas alcoh&#xF3;licas, es decir su acompa&#xF1;amiento o maridaje. Este acto civilizatorio es, entonces, otra v&#xED;a para revalorizar nuestros quesos. Se hace tambi&#xE9;n una propuesta de recetas gastron&#xF3;micas donde el queso mexicano genuino es siempre el elemento principal. Los Autores, desde la Academia, desean colaborar en la defensa y preservaci&#xF3;n de este patrimonio cultural inmaterial e identitario de nuestra naci&#xF3;n.</subfield>
  </datafield>
  <datafield tag="650" ind1="1" ind2="3">
    <subfield code="9">142512</subfield>
    <subfield code="a">Quesos</subfield>
    <subfield code="x">Control de calidad</subfield>
  </datafield>
  <datafield tag="650" ind1="1" ind2="3">
    <subfield code="9">144437</subfield>
    <subfield code="a">Queso artesanal</subfield>
    <subfield code="x">Variedades</subfield>
    <subfield code="z">M&#xE9;xico</subfield>
  </datafield>
  <datafield tag="650" ind1="1" ind2="3">
    <subfield code="9">142991</subfield>
    <subfield code="a">Fabricaci&#xF3;n de queso</subfield>
    <subfield code="z">M&#xE9;xico</subfield>
  </datafield>
  <datafield tag="650" ind1="1" ind2="3">
    <subfield code="9">144437</subfield>
    <subfield code="a">Queso artesanal</subfield>
    <subfield code="x">Instrucci&#xF3;n culinaria</subfield>
  </datafield>
  <datafield tag="650" ind1="1" ind2="3">
    <subfield code="9">148387</subfield>
    <subfield code="a">Cheeses  </subfield>
    <subfield code="x">Quality control</subfield>
  </datafield>
  <datafield tag="650" ind1="1" ind2="3">
    <subfield code="9">185223</subfield>
    <subfield code="a">Artisan cheese</subfield>
    <subfield code="x">Varieties</subfield>
  </datafield>
  <datafield tag="650" ind1="1" ind2="3">
    <subfield code="9">146964</subfield>
    <subfield code="a">Cheesemaking</subfield>
    <subfield code="z">Mexico</subfield>
  </datafield>
  <datafield tag="650" ind1="1" ind2="3">
    <subfield code="9">185223</subfield>
    <subfield code="a">Artisan cheese</subfield>
    <subfield code="x">Cooking instruction</subfield>
  </datafield>
  <datafield tag="700" ind1="1" ind2=" ">
    <subfield code="9">129230</subfield>
    <subfield code="a">Lozano Moreno, Octavio</subfield>
    <subfield code="e">autor </subfield>
  </datafield>
  <datafield tag="700" ind1="1" ind2=" ">
    <subfield code="a">Cervantes Escoto, Fernando</subfield>
    <subfield code="e">autor </subfield>
    <subfield code="9">21557</subfield>
  </datafield>
  <datafield tag="942" ind1=" " ind2=" ">
    <subfield code="2">ddc</subfield>
    <subfield code="c">Libro</subfield>
  </datafield>
  <datafield tag="999" ind1=" " ind2=" ">
    <subfield code="c">218589</subfield>
    <subfield code="d">218589</subfield>
  </datafield>
  <datafield tag="952" ind1=" " ind2=" ">
    <subfield code="0">0</subfield>
    <subfield code="1">0</subfield>
    <subfield code="2">ddc</subfield>
    <subfield code="4">0</subfield>
    <subfield code="5">1</subfield>
    <subfield code="7">0</subfield>
    <subfield code="8">GRAL</subfield>
    <subfield code="a">IA_</subfield>
    <subfield code="b">IA_</subfield>
    <subfield code="d">2022-12-09</subfield>
    <subfield code="e">Compra Librer&#xED;a UACh F 39633</subfield>
    <subfield code="i">Consumo</subfield>
    <subfield code="l">0</subfield>
    <subfield code="o">637.35972 V55 2015</subfield>
    <subfield code="p">1102014578</subfield>
    <subfield code="r">2023-03-31 00:00:00</subfield>
    <subfield code="t">Ej. 1</subfield>
    <subfield code="w">2023-03-31</subfield>
    <subfield code="y">LIBRO</subfield>
  </datafield>
  <datafield tag="952" ind1=" " ind2=" ">
    <subfield code="0">0</subfield>
    <subfield code="1">0</subfield>
    <subfield code="2">ddc</subfield>
    <subfield code="4">0</subfield>
    <subfield code="5">1</subfield>
    <subfield code="7">0</subfield>
    <subfield code="8">GRAL</subfield>
    <subfield code="a">Z</subfield>
    <subfield code="b">Z</subfield>
    <subfield code="d">2018-11-19</subfield>
    <subfield code="e">Compra Libreria UACh No. 37337</subfield>
    <subfield code="g">212.50</subfield>
    <subfield code="i">Consumo</subfield>
    <subfield code="l">0</subfield>
    <subfield code="o">637.35972 V55v 2015</subfield>
    <subfield code="p">5102007383</subfield>
    <subfield code="r">2023-09-28 00:00:00</subfield>
    <subfield code="t">Ej.1</subfield>
    <subfield code="w">2023-09-28</subfield>
    <subfield code="y">LIBRO</subfield>
  </datafield>
  <datafield tag="952" ind1=" " ind2=" ">
    <subfield code="0">0</subfield>
    <subfield code="1">0</subfield>
    <subfield code="2">ddc</subfield>
    <subfield code="4">0</subfield>
    <subfield code="5">1</subfield>
    <subfield code="7">0</subfield>
    <subfield code="8">GRAL</subfield>
    <subfield code="a">Z</subfield>
    <subfield code="b">Z</subfield>
    <subfield code="d">2018-11-19</subfield>
    <subfield code="e">Compra Libreria UACh No. 37337</subfield>
    <subfield code="g">212.50</subfield>
    <subfield code="i">Consumo</subfield>
    <subfield code="l">0</subfield>
    <subfield code="o">637.35972 V55v 2015</subfield>
    <subfield code="p">5102007384</subfield>
    <subfield code="r">2023-09-28 00:00:00</subfield>
    <subfield code="t">Ej.2</subfield>
    <subfield code="w">2023-09-28</subfield>
    <subfield code="y">LIBRO</subfield>
  </datafield>
  <datafield tag="952" ind1=" " ind2=" ">
    <subfield code="0">0</subfield>
    <subfield code="1">0</subfield>
    <subfield code="2">ddc</subfield>
    <subfield code="4">0</subfield>
    <subfield code="5">1</subfield>
    <subfield code="7">0</subfield>
    <subfield code="8">GRAL</subfield>
    <subfield code="a">Z</subfield>
    <subfield code="b">Z</subfield>
    <subfield code="d">2018-11-19</subfield>
    <subfield code="e">Compra Libreria UACh No. 37337</subfield>
    <subfield code="g">212.50</subfield>
    <subfield code="i">Consumo</subfield>
    <subfield code="l">0</subfield>
    <subfield code="o">637.35972 V55v 2015</subfield>
    <subfield code="p">5102007385</subfield>
    <subfield code="r">2023-09-28 00:00:00</subfield>
    <subfield code="t">Ej.3</subfield>
    <subfield code="w">2023-09-28</subfield>
    <subfield code="y">LIBRO</subfield>
  </datafield>
</record>
